Prostitución infantil, tráfico de menores y turismo sexual : ensayo sociojurídico acerca de la explotación sexual comercial infantil. Ley 26.364 /

Guardado en:
Autor Principal: Blanco, Luis G.
Otros Autores: Giberti, Eva, (prol.)
Formato: Libro
Idioma:Undetermined
Publicado: Buenos Aires : Ad-Hoc, 2008.
Edición:1a. ed.
Materias:
Etiquetas: Agregar Etiqueta
Sin Etiquetas, Sea el primero en etiquetar este registro!
LEADER 00629nam a22001695a 4500
001 DER.der015195
008 250519s2008####ag############000#0#und#d
005 20250519171139.0
245 1 0 |a Prostitución infantil, tráfico de menores y turismo sexual :  |b ensayo sociojurídico acerca de la explotación sexual comercial infantil. Ley 26.364 /  |c Blanco, Luis G. ; prólogo de Eva Giberti. 
250 |a 1a. ed. 
260 |a Buenos Aires :  |b Ad-Hoc,  |c 2008. 
300 |a 151 p. 
020 |a 9789508946775 
100 1 |a Blanco, Luis G. 
700 1 |a Giberti, Eva,  |e prol. 
650 7 |a DERECHO PENAL 
859 |a DERECHO  |b BIB. DERECHO  |h 345.05  |i BLA  |p 0010591